000 00298nam a22001337a 4500
008 170214b xxu||||| |||| 00| 0 eng d
020 _a0912423161
041 _aeng
080 _211 ED
_a61
100 _a4
101 _aSHM
245 _aPRIMER ON THE RHEUMATIC DISEASES
_cSILVER
942 _2udc
_cBK
999 _c5457
_d5457